Statistics for geoscientists

Saved in:
Bibliographic Details
Main Author: Marsal, Dieter
Other Authors: Merriam, Daniel Francis (Editor, Translator)
Format: Book
Language:English
German
Published: Oxford : Pergamon Press, 1987.
Subjects:
Tags: Add Tag
No Tags, Be the first to tag this record!

MARC

LEADER 00000cam a2200000 i 4500
001 1/86977
008 001214s1987 enk| ||| |||| ||eng||
020 |a 0080262600 
035 |l 10006613 
040 |a GR-MyUA  |b gre  |e AACR2 
041 1 |a eng  |h ger 
082 0 |a 519.502455 
100 1 |a Marsal, Dieter. 
245 1 0 |a Statistics for geoscientists /   |c by Dieter Marsal ; translation editor, Daniel F. Merriam.  
260 |a Oxford :   |b Pergamon Press,   |c 1987.  
300 |a x, 176 σ. :   |b εικ. ;  
500 |a Τίτλος πρωτοτύπου: Statistische Methoden fur Erdwissenschaftler.  
504 |a Βιβλιογραφία: σ. 160-164.  
504 |a Περιέχει ευρετήριο.  
650 0 0 |a Earth sciences  |x Statistical methods. 
700 1 |a Merriam, Daniel Francis,  |e edt  |e trl 
852 |a INST  |b LESVOS  |e 20001214  |h 519.502455 MAR  |p 005100028599  |q 005100028599  |t BK  |y 0 
901 |a BIBL1-2001-3 
909 |a Λ  |b 098218